Social Health Insurance For Development Nations / (رقم التسجيلة. 110062)

تفاصيل مارك
000 -LEADER
fixed length control field 00543nam a22002057a 4500
005 - DATE AND TIME OF LATEST TRANSACTION
control field 20251108173705.0
008 - FIXED-LENGTH DATA ELEMENTS--GENERAL INFORMATION
fixed length control field 250721s2007 xx 000 0 eng d
020 ## - INTERNATIONAL STANDARD BOOK NUMBER
International Standard Book Number 821369490
082 14 - DEWEY DECIMAL CLASSIFICATION NUMBER
Classification number WB/368.4/SOC
100 1# - MAIN ENTRY--PERSONAL NAME
Personal name Hasiao, William
245 10 - TITLE STATEMENT
Title Social Health Insurance For Development Nations /
264 1# - PRODUCTION, PUBLICATION, DISTRIBUTION, MANUFACTURE, AND COPYRIGHT NOTICE
Place of production, publication, distribution, manufacture Washington :
Name of producer, publisher, distributor, manufacturer the Wrld Bank,
Date of production, publication, distribution, manufacture, or copyright notice 2007.
300 ## - PHYSICAL DESCRIPTION
Extent 172p.
650 17 - SUBJECT ADDED ENTRY--TOPICAL TERM
Topical term or geographic name as entry element INSURANCE HEALTH
650 17 - SUBJECT ADDED ENTRY--TOPICAL TERM
Topical term or geographic name as entry element SOCIAL SECURITY
650 17 - SUBJECT ADDED ENTRY--TOPICAL TERM
Topical term or geographic name as entry element DEVELOPING COUNTRIES
700 1# - ADDED ENTRY--PERSONAL NAME
Personal name Shaw, Paul
942 ## - ADDED ENTRY ELEMENTS (KOHA)
Source of classification or shelving scheme Dewey Decimal Classification
Koha item type كتب
المقتنيات
حالة السحب حالة الفقدان مصدر التصنيف حالة التلف غير قابل للإعارة المكتبة الرئيسية المكتبة الحالية موقع الرف تاريخ التزويد الرقم المتسلسل Total Checkouts رقم الإستدعاء الباركود تاريخ آخر ظهور تاريخ الفاتورة نوع المادة (كوها)
    Dewey Decimal Classification   Not For Loan المكتبة المركزية المكتبة المركزية مركز المعلومات العامة 28/07/2025 1139074   WB/368.4/SOC 1139074 28/07/2025 28/07/2025 كتب
Implemented & Customized by: BBB with SCIT (Smart Chains for Information Technology)

Powered by Koha